| 000 | 00638cam a2200181 4500 | ||
|---|---|---|---|
| 001 | WS108077 | ||
| 008 | 000000n 000 0 eng u | ||
| 035 | _a(Sirsi) u108077 | ||
| 110 |
_aNew Zealand Institute of Quantity Surveyors _9545 |
||
| 245 | _aNew Zealand Institute of Quantity Surveyors | ||
| 520 | _aOrganisational site including access to their journal 'NZIQS News' and good career advice. | ||
| 650 | _aNEW ZEALAND | ||
| 650 | _aQUANTITY SURVEYORS | ||
| 650 | _aORGANISATION | ||
| 690 | _aINTERNATIONAL-AUSTRALASIA | ||
| 856 | 4 | 0 |
_uhttps://www.nziqs.co.nz _zView the website free of charge at www.nziqs.co.nz... |
| 942 | _n0 | ||
| 999 |
_c119612 _d119612 |
||